|
|
|
|
| LEADER |
02023nam a2200433 4500 |
| 001 |
ocn844237234 |
| 003 |
OCoLC |
| 005 |
20180501122009.0 |
| 006 |
m o d |
| 007 |
cr cnu---unuuu |
| 008 |
130523s2013 ne o 000 0 eng d |
| 040 |
|
|
|a N$T
|b eng
|e pn
|c N$T
|d OPELS
|d OCLCQ
|d OCLCF
|d OCLCA
|d E7B
|d CDX
|d OCLCQ
|d DEBBG
|d GrThAP
|
| 019 |
|
|
|a 849927569
|a 890512265
|
| 020 |
|
|
|a 9780124078093
|q (electronic bk.)
|
| 020 |
|
|
|a 0124078095
|q (electronic bk.)
|
| 020 |
|
|
|a 9780124076860
|
| 020 |
|
|
|a 0124076866
|
| 035 |
|
|
|a (OCoLC)844237234
|z (OCoLC)849927569
|z (OCoLC)890512265
|
| 050 |
|
4 |
|a SB91
|
| 072 |
|
7 |
|a TEC
|x 003030
|2 bisacsh
|
| 072 |
|
7 |
|a TEC
|x 003080
|2 bisacsh
|
| 082 |
0 |
4 |
|a 630
|2 23
|
| 049 |
|
|
|a TEFA
|
| 245 |
0 |
0 |
|a Advances in agronomy.
|n Volume 120 /
|c edited by Donald L. Sparks.
|
| 264 |
|
1 |
|a Amsterdam :
|b Academic Press,
|c 2013.
|
| 300 |
|
|
|a 1 online resource
|
| 336 |
|
|
|a text
|b txt
|2 rdacontent
|
| 337 |
|
|
|a computer
|b c
|2 rdamedia
|
| 338 |
|
|
|a online resource
|b cr
|2 rdacarrier
|
| 520 |
|
|
|a Advances in Agronomy continues to be recognized as a leading reference and a first-rate source for the latest research in agronomy. As always, the subjects covered are varied and exemplary of the myriad of subject matter dealt with by this long-running serial Maintains the highest impact factor among serial publications in agriculture Presents timely reviews on important agronomy issues Enjoys a long-standing reputation for excellence in the field.
|
| 588 |
0 |
|
|a Print version record.
|
| 650 |
|
0 |
|a Agronomy.
|
| 650 |
|
7 |
|a TECHNOLOGY & ENGINEERING
|x Agriculture
|x Agronomy
|x Crop Science.
|2 bisacsh
|
| 650 |
|
7 |
|a TECHNOLOGY & ENGINEERING
|x Agriculture
|x Agronomy
|x General.
|2 bisacsh
|
| 650 |
|
7 |
|a Agronomy.
|2 fast
|0 (OCoLC)fst00801886
|
| 655 |
|
4 |
|a Electronic books.
|
| 700 |
1 |
|
|a Sparks, Donald L.,
|d 1953-
|
| 776 |
0 |
8 |
|i Print version:
|t Advances in agronomy. Volume 120
|z 9780124076860
|w (OCoLC)839312858
|
| 856 |
4 |
0 |
|u https://www.sciencedirect.com/science/bookseries/00652113/120
|z Full Text via HEAL-Link
|